000 00970nam a2200241Ii 4500
003 JO-AjNU
008 230605s9999||||xx |||||||||||||| ||und||
017 _a2007/2/305
020 _a9957-16-310-5
040 _aJO-AjNU
_bara
_erda
_cJO-AjNU
041 _aara
050 1 4 _aKZ6471.F28.2009
100 3 _aتأليف الفتلاوي، سهيل حسين ؛ عماد محمد ربيع، مؤلف مشارك,
_eauthor
_931194
245 0 0 _aموسوعة القانون الدولي 5: القانون الدولي الإنساني
250 _aط1"الاصدار الثاني"
264 3 1 _aعمان : دار الثقافة، 2009
300 _aج5، 350ص
_bيشتمل على مراجع ببلوغرافية ص ( 337-350)
336 _atext
_btxt
_2rdacontent
337 _aunmediated
_bn
_2rdamedia
338 _avolume
_bnc
_2rdacarrier
490 0 _aموسوعة القانون الدولي 5
650 4 _aالقانون الدولي الإنساني
_931195
999 _aA12450
_c16018
_d16018